ČSE udělila tradiční ocenění mladým ekonomům
Tohtoročné udeľovanie cien mladým ekonómom ČR, ktorú každoročne od roku 1994 poriada Česká spoločnosť ekonomická (ČSE). Cieľom je podpora mladých talentov v oblasti ekonómie.
Salvato in:
| Autore principale: | |
|---|---|
| Altri autori: | |
| Natura: | Capitolo di libro |
| Lingua: | ceco |
| Soggetti: | |
| Tags: |
Nessun Tag, puoi essere il primo ad aggiungerne!!
|
MARC
| LEADER | 00000naa$a2200000$$$4500 | ||
|---|---|---|---|
| 001 | 0146271 | ||
| 005 | 20231129094345.9 | ||
| 041 | 0 | |a cze | |
| 044 | |a CZ | ||
| 245 | 1 | 0 | |a ČSE udělila tradiční ocenění mladým ekonomům |c Petr Jakubík, Michal Skořepa |
| 520 | |a Tohtoročné udeľovanie cien mladým ekonómom ČR, ktorú každoročne od roku 1994 poriada Česká spoločnosť ekonomická (ČSE). Cieľom je podpora mladých talentov v oblasti ekonómie. | ||
| 610 | 2 | 0 | |a Česko |
| 610 | 2 | 0 | |a ekonómovia |
| 610 | 2 | 0 | |a akcie odborné |
| 610 | 2 | 0 | |a organizácie spoločenské |
| 610 | 2 | 0 | |a združenia |
| 610 | 2 | 0 | |a veda ekonomická |
| 610 | 2 | 0 | |a kategórie ekonomické |
| 100 | 1 | |a Jakubík, Petr | |
| 700 | 1 | |a Skořepa, Michal | |